Introduction to Smart Cities (Record no. 21292)
[ view plain ]
| 000 -LEADER | |
|---|---|
| fixed length control field | 00316nam a22001337a 4500 |
| 008 - FIXED-LENGTH DATA ELEMENTS--GENERAL INFORMATION | |
| fixed length control field | 250310b |||||||| |||| 00| 0 eng d |
| 020 ## - INTERNATIONAL STANDARD BOOK NUMBER | |
| ISBN | 978-93-534-3957-6 |
| 100 ## - MAIN ENTRY--AUTHOR NAME | |
| Personal name | P P A Kumar |
| 245 ## - TITLE STATEMENT | |
| Title | Introduction to Smart Cities |
| 260 ## - PUBLICATION, DISTRIBUTION, ETC. (IMPRINT) | |
| Place of publication | Noida |
| Name of publisher | Pearson |
| Year of publication | 2025 |
| 300 ## - PHYSICAL DESCRIPTION | |
| Number of Pages | 362 |
| 650 ## - SUBJECT ADDED ENTRY--TOPICAL TERM | |
| Topical Term | CSE |
| 942 ## - ADDED ENTRY ELEMENTS (KOHA) | |
| Source of classification or shelving scheme | Dewey Decimal Classification |
| Koha item type | Books |
| Accession Number | Cost, normal purchase price | Bill Date | Source of acquisition | Price effective from | Koha item type | Withdrawn / writtenoff status | Damaged status | Not for loan | Permanent Location | Current Location | Shelving location | Date acquired | Lost/ Missing status | department |
|---|---|---|---|---|---|---|---|---|---|---|---|---|---|---|
| BE 24956 | 785.00 | 03-03-2025 | Radha Krishna Anand & Co, Jammu | 03/10/2025 | Books | Not For Loan | MIET Library, Jammu | MIET Library, Jammu | 113/4 | 03/03/2025 | BE | |||
| BE 24957 | 785.00 | 03-03-2025 | Radha Krishna Anand & Co, Jammu | 03/10/2025 | Books | MIET Library, Jammu | MIET Library, Jammu | 197/6 | 03/03/2025 | BE | ||||
| BE 24958 | 785.00 | 03-03-2025 | Radha Krishna Anand & Co, Jammu | 03/10/2025 | Books | MIET Library, Jammu | MIET Library, Jammu | 197/6 | 03/03/2025 | BE | ||||
| BE 24959 | 785.00 | 03-03-2025 | Radha Krishna Anand & Co, Jammu | 03/10/2025 | Books | MIET Library, Jammu | MIET Library, Jammu | 197/6 | 03/03/2025 | BE | ||||
| BE 24960 | 785.00 | 03-03-2025 | Radha Krishna Anand & Co, Jammu | 03/10/2025 | Books | MIET Library, Jammu | MIET Library, Jammu | 197/6 | 03/03/2025 | BE |